| 000 | 00443cam a2200169ua 4500 | ||
|---|---|---|---|
| 041 |
_aeng _h |
||
| 082 |
_a621.02 _bKUT/Me |
||
| 100 | _aKutz, Myer. | ||
| 245 | 0 | 0 |
_aMechanical engineer`s handbook : Materials and mechanical design / _cMyer Kutz. _hTextual Documents |
| 250 |
_a3 / _b. |
||
| 260 |
_aLondon : _bJohn Wiley & Sons , _c2006. |
||
| 300 | _a1341 ; . | ||
| 500 | _aBook - 1 | ||
| 504 | _a | ||
| 942 | _cBK | ||
| 999 |
_c13361 _d13361 |
||